000 01301nam a2200265Ia 4500
999 _c36915
_d36915
001 2866
003 GE_BSU
005 20190613142824.0
008 181216s2012||||ge |||||||||||||| ||geo||
020 _a97899414126
040 _cGE_BSU
041 _ageo
080 _a531.1 ფ–98
100 _aფუტკარაძე, გ.
_92474
245 _aთეორიული მექანიკა (კინემატიკა) :
_bინდივიდუალური დავალებების კრებული /
_cგ. ფუტკარაძე, თ. თურმანიძე ; რედ. მიხეილ დონაძე ; ბათუმის შოთა რუსთაველის სახელმწ. უნ-ტი.
264 _aბათუმი :
_bშოთა რუსთაველის სახელმწ. უნ-ტი,
_c2012.
300 _a77 გვ. :
_bნახ. ;
_c20 სმ.
653 _aფიზიკა
653 _aთეორიული მექანიკა
653 _aკინემატიკა
700 _aთურმანიძე, თ.
_eავტორი
_92475
700 _aდონაძე, მ.
_eრედაქტორი
_91758
710 _aბსუ
_92476
942 _cBK
_2udc